Das Archiv des Erzbistums Breslau auf Schloss Johannesberg in den Zeiten der Ersten Tschechoslowakischen Republik
| Titel: | Das Archiv des Erzbistums Breslau auf Schloss Johannesberg in den Zeiten der Ersten Tschechoslowakischen Republik / von Maik Schmerbauch |
|---|---|
| Verfasser: | |
| In: |
Archivalische Zeitschrift, Band 95 (2018), Seite [397]-428 alle Artikel anzeigen |
| Veröffentlicht: | 2018 |
| Umfang: | Illustrationen |
| Format: | Aufsatz |
| Sprache: | Deutsch |
X
alg: 43224551 001A $03029:04-06-18 001B $03025:04-03-19 $t11:32:56.000 001C $03029:04-06-18 $t10:11:04.000 001D $03029:04-06-18 001U $0utf8 001X $00 002@ $0Aou 002C $aText $btxt $2rdacontent 002D $aohne Hilfsmittel zu benutzen $bn $2rdamedia 002E $aBand $bnc $2rdacarrier 003@ $0432245510 007A $0432245510 $aHEB 010@ $ager 010E $erda 011@ $a2018 021A $aDas @Archiv des Erzbistums Breslau auf Schloss Johannesberg in den Zeiten der Ersten Tschechoslowakischen Republik $hvon Maik Schmerbauch 028A $BVerfasser $4aut $71031676708 $8Schmerbauch, Maik$Z1979- [Tp1] $9318249324 031A $d95 $h[397]-428 $j2018 034M $aIllustrationen 037A $aLiteraturangaben 039B $aEnthalten in $8--Abvc--. Archivalische Zeitschrift. - Wien : Böhlau, 1876-. - ISSN 0003-9497 $x201800000950000603 $9047256281 044K $RJauernig $#Schloss Johannisberg Jauernig $#Schloss Jánský Vrch Jauernig $#Zamék Jánský Vrch Jauernig $71025312473 $8Schloss Johannesberg$gJauernig [Tg1] $930721138X 044K $RKatholische Kirche $RKatholische Kirche $#Katholische Kirche, Archidiecezja Wrocławska $#Erzdiözese Breslau $#Erzbistum Breslau $#Erzdiözese Wrocław $#Archidiecezja Wrocławska $#Archidioecesis Wratislaviensis $#Katholische Kirche, Erzdiözese Breslau, Capitulum $#Katholische Kirche, Erzdiözese Breslau, Domkapitel $#Katholische Kirche, Erzdiözese Breslau, Breslauer Domkapitel $#Katholische Kirche, Erzdiözese Breslau, Erzbischöfliche Kurie $#Katholische Kirche, Erzdiözese Breslau, Kurie $#Katholische Kirche, Erzdiözese Breslau, Kanzlei $#Katholische Kirche, Erzdiözese Breslau, Erzbischöfliches Ordinariat $#Katholische Kirche, Erzdiözese Breslau, Ordinariat $#Erzbischöfliches Ordinariat Katholische Kirche, Erzdiözese Breslau $#Ordinariat Katholische Kirche, Erzdiözese Breslau $71087533570 $8Katholische Kirche$bErzdiözese Breslau [Tb1] $9373427158 044K $RArchiv $#Church archives $#Archives ecclésiastiques $#Archivi ecclesiastici $#Archivos eclesiásticos $#Kirchliches Archiv $#Kirchliches Archivwesen $#Kirchenarchive $74030706-2 $8Kirchenarchiv [Ts1] $9085081345 045F $a020.9438509043 $eDDC23BSB 045F/01 $a020 045F/03 $f09043 045F/03 $f09044 045F/03 $g4385 045R $aGeschichte 1918-1945 045T $a8 lok: 43224551 78 exp: 43224551 78 1 #EPN 201B/01 $013-10-25 $t16:24:14.000 201C/01 $004-03-19 201U/01 $0utf8 203@/01 $01046900641 208@/01 $a04-03-19 $be 209A/01 $a/ $f000 $x00 209A/01 $ab*p $x01 220C/01 $aeja 244Z/01 $#Generalgouvernement Polen $#Polska $#Rzeczpospolita Polska $#Polska Rzeczpospolita Ludowa $#Poland $#Pologne $#République Polonaise $#Generalne Gubernatorstwo w Polsce $#Polish People's Republic $#Polska Rzeczpospolita Polen $#PRL $#RP $#Polen Generalgouvernement $#Polska Generalgouvernement $#Besetzte Polnische Gebiete $#Besetztes Gebiet in Polen $#Okupowane Polskie Obszary $#Obszary Okupowane w Polsce $#Volksrepublik Polen $#Polska Rosyjska $#Republic Polen $#Respublika Pol'ša $#Pol'skaja Narodnaja Respublika $#République de Pologne $#Polen Links der Weichsel $#Polska po Lewej Stronie Wisły $#Lenkija $#Polija $#Gubernija Carstva Pol'skago $#Republik Polen $74046496-9 $8--Tg1--Polen $x01 $9085129801 244Z/01 $#Schlesien $#Schlesien $#Herzogtum Schlesien $#Herzogtum Schlesien Schlesien $#Provinz Schlesien $#Śla̜sk $#Slezsko $#Silesia $74052678-1 $8--Tg1--Schlesien $x02 $9085146781 244Z/01 $#Böhmische Kronländer $#Länder der Böhmischen Krone $#Sudetenland $#Böhmen $#Mähren $#Mährisch-Schlesien $#Österreichisch-Schlesien $#Tschechische Sozialistische Republik Böhmische Länder $#Tschechei Böhmische Länder $#Země koruny české $74069573-6 $8--Tg1--Böhmische Länder $x03 $9085195553 244Z/01 $#Tschechoslowakei $#Tschechoslowakei $#Tschechoslowakei $#Tschechische und Slowakische Föderative Republik $#République Tchéco-Slovaque $#Tchécoslovaquie $#Československá Federativní Republika $#Česká a Slovenská Federativní Republika $#Czech and Slovak Federal Republic $#ČSFR $#ČSSR $#ČSR $#RČS $#Československo $#Československá Socialistická Republika $#Československá Republika $#Tschechoslowakische Sozialistische Republik $#Tschechoslowakische Republik $#Tschechoslowakische Föderative Republik $#Republika Československá $#Czechoslovakia $#Čechoslovakische Republik $#République Tchécho-Slovaque $#Tchéchoslovaquie $#Czechoslovak Socialist Republic $#Checoeslovaquia $#Cecoslovacchia $#Čechoslovakija $#République tchécoslovaque $74078435-6 $8--Tg1--Tschechoslowakei $x04 $9085222305 247C/01 $82080>Marburg/Lahn, Herder-Institut, Forschungsbibliothek, Bibliographieportal $9336309341 lok: 43224551 103 exp: 43224551 103 1 #EPN 201B/01 $004-06-18 $t10:11:04.000 201C/01 $004-06-18 201U/01 $0utf8 203@/01 $01022979124 208@/01 $a04-06-18 $bf 209A/01 $ain: Z 485 $dd $f000 $hZ 485 $x00 247C/01 $8658011-7 <2397>Mainz, Stadtarchiv Mainz, Bibliothek $9379188910
| LEADER | 00000caa a2200000 c 4500 | ||
|---|---|---|---|
| 001 | 432245510 | ||
| 003 | DE-603 | ||
| 005 | 20190304113256.0 | ||
| 007 | tu | ||
| 008 | 180604s2018 xx |||| | u00||u|ger c | ||
| 035 | |a (DE-599)HEB432245510 | ||
| 040 | |a DE-603 |b ger |c DE-603 |d DE-603 |e rda | ||
| 041 | |a ger | ||
| 082 | 0 | 4 | |8 1\u |a 020.9438509043 |q DE-101 |2 23/BSB |
| 084 | |a 8 |2 ssgn | ||
| 085 | |8 1\u |b 020 | ||
| 085 | |8 1\u |z 1 |s 09043 | ||
| 085 | |8 1\u |z 1 |s 09044 | ||
| 085 | |8 1\u |z 2 |s 4385 | ||
| 100 | 1 | |a Schmerbauch, Maik |d 1979- |e Verfasser |4 aut |0 (DE-603)318249324 |0 (DE-588)1031676708 |2 gnd | |
| 245 | 0 | 0 | |a Das Archiv des Erzbistums Breslau auf Schloss Johannesberg in den Zeiten der Ersten Tschechoslowakischen Republik |c von Maik Schmerbauch |
| 264 | 0 | |c 2018 | |
| 300 | |b Illustrationen | ||
| 336 | |a Text |b txt |2 rdacontent | ||
| 337 | |a ohne Hilfsmittel zu benutzen |b n |2 rdamedia | ||
| 338 | |a Band |b nc |2 rdacarrier | ||
| 500 | |a Literaturangaben | ||
| 610 | 1 | 7 | |a Katholische Kirche |b Erzdiözese Breslau |2 gnd |0 (DE-588)1087533570 |0 (DE-603)373427158 |
| 648 | 7 | |a Geschichte 1918-1945 |2 gnd | |
| 650 | 7 | |a Kirchenarchiv |0 (DE-588)4030706-2 |0 (DE-603)085081345 |2 gnd | |
| 651 | 7 | |a Schloss Johannesberg |g Jauernig |0 (DE-588)1025312473 |0 (DE-603)30721138X |2 gnd | |
| 773 | 0 | 8 | |i Enthalten in |t Archivalische Zeitschrift |d Wien : Böhlau, 1876- |x 0003-9497 |g Band 95 (2018), Seite [397]-428 |w (DE-603)047256281 |w (DE-600)201051-3 |
| 924 | 0 | |9 2080 |a (DE-603)1046900641 |b DE-2080 |c HES |d d |g / | |
| 924 | 0 | |9 2397 |a (DE-603)1022979124 |b DE-2397 |c HES |d d |g in: Z 485 | |


